|
|
|
|
| LEADER |
01299nam a2200349 a 4500 |
| 001 |
35479 |
| 003 |
BD-DhAAL |
| 005 |
20211130123941.0 |
| 008 |
190929t1996 enkab 001 0 eng d |
| 999 |
|
|
|c 41451
|d 41451
|
| 010 |
|
|
|a 97131965
|
| 020 |
|
|
|a 0304333530
|
| 020 |
|
|
|a 0304333557 (pbk.)
|
| 020 |
|
|
|a 9780304333554
|
| 035 |
|
|
|a (CStRLIN)PATG96-B44583
|
| 040 |
|
|
|a PPT
|c PPT
|d DLC
|d BD-DhAAL
|
| 042 |
|
|
|a lccopycat
|
| 050 |
0 |
4 |
|a GE70
|b .P58 1996
|
| 082 |
0 |
0 |
|a 372.357044
|2 21
|
| 100 |
1 |
|
|a Plimmer, Don.
|9 35515
|
| 245 |
1 |
4 |
|a The environment :
|b a primary teacher's guide /
|c Don Plimmer; Eric Parkinson and Kevin Carlton.
|
| 260 |
|
|
|a London ;
|a New York, NY :
|b Cassell,
|c c1996.
|
| 300 |
|
|
|a 146 pages:
|b illustrations, maps ;
|c 24 cm.
|
| 500 |
|
|
|a Includes index.
|
| 526 |
|
|
|a BIED
|
| 541 |
|
|
|a Complimentary copy from BIED
|e 35479
|
| 650 |
|
0 |
|a Environmental sciences
|x Study and teaching (Elementary)
|9 35516
|
| 700 |
1 |
|
|a Parkinson, Eric.
|9 35517
|
| 700 |
1 |
|
|a Carlton, Kevin.
|9 35518
|
| 852 |
|
|
|a Ayesha Abed Library
|c BIED Collection
|
| 942 |
|
|
|2 ddc
|c BK
|
| 952 |
|
|
|0 0
|1 0
|2 ddc
|4 0
|6 372_357044000000000_PLI
|7 0
|9 66557
|a BRACUL
|b BRACUL
|c GEN
|d 2019-09-29
|e Complimentary copy from BIED
|l 0
|o 372.357044 PLI
|p 3010035479
|r 2019-09-29
|t 1
|w 2019-09-29
|y BK
|x Transferred from BIED to General Stacks
|